Responses for Show #6811 - Monday, April 7, 2014

Contestants

[<< previous game]

Jonathan Kuehnle, a high school campus director from Springfield, Ohio

Michelle Leppert, a senior managing editor from Danvers, Massachusetts

Amy Nienaber, an aspiring student from Bettendorf, Iowa (whose 2-day cash winnings total $51,000)

[next game >>]

Jeopardy! Round responses

ICE CREAM PARLOR WORDS
INNOVATION
AUTHORS' PLOTS
GUITARS
TV HOSTS BY INITIALS
THE USS OLYMPIA
    $200 21
a scoop

Michelle
    $200 6
Ben Franklin

Amy
    $200 1
(J.R.R.) Tolkien

Amy
    $200 11
six

Amy
    $200 16
Tom Bergeron

Amy
    $200 26
Manila Bay

Jonathan
    $400 22
cones

Amy
    $400 7
graphic user interface

Jonathan
    $400 2
Steinbeck

Amy
    $400 12
(Michelle: What are pedals?)

pickups

Michelle
Triple Stumper
    $400 17
Padma Lakshmi

Amy
    $400 27
coal

Michelle
    $600 23
sprinkles

Michelle
    $600 8
stents

Michelle
    $600 3
Robert Louis Stevenson

Triple Stumper
    $600 13
Joe Strummer

Amy
    $600 18
Nick Cannon

Amy
    $600 28
[The end-of-round signal sounds.]

the unknown soldier

Michelle
    $800 24
a float

Jonathan
    $800 9
a genome

Michelle
    $800 4
Joyce Kilmer

Michelle
    $800 14
Fender

Triple Stumper
    $800 19
David Gregory

Amy
    $1000 25
flavors

Amy
    $1000 10
Homo erectus

Amy
    $1,000 5
(Michelle: Who is Washington Irving)

Mark Twain

Michelle
    $1000 15
Les Paul

Triple Stumper
    $1000 20
Mario Lopez

Triple Stumper

Scores at the first commercial break (after clue 14):

Amy Michelle Jonathan
$2,600 $800 $400

Scores at the end of the Jeopardy! Round:

Amy Michelle Jonathan
$6,000 $2,600 $1,400

Double Jeopardy! Round responses

BORN TO BE WILD
"COM" TO ME
QUOTABLE QUOTES
ON THE BEAUTIFUL BLUE DANUBE
A LEAGUE
OF THERON
    $400 11
a whale

Jonathan
    $400 1
a comma

Michelle
    $400 6
(the crash of) the Hindenburg

Jonathan
    $400 21
Buda and Pest

Michelle
    $400 16
Cornell

Amy
    $400 26
Snow White

Michelle
    $800 12
(Jonathan: What is a tiger?)
(Alex: Be more specific.)
(Jonathan: What is an Amur tiger?)

a Bengal tiger

AmyJonathan
    $800 2
compatible

Michelle
    $800 7
the navy

Jonathan
    $800 22
Bratislava

Jonathan
    $800 17
The League of Extraordinary Gentlemen

Jonathan
    $800 30
Peter Sellers

Amy
    $1200 13
(Jonathan: What is an eagle?)
(Alex: Be more specific.)
(Jonathan: What is a [*]?)

bald eagle

Jonathan
    $1200 3
the Comanche

Jonathan
    $1200 8
purple

Michelle
    $1200 25
Austria

Amy
    $1200 18
(Michelle: What is Sparta?)

Athens

AmyMichelle
    $1200 29
the mining industry

Amy
    $1600 14
wallabies

Amy
    $1600 4
a commodity

Amy
    $1600 9
lipstick

Michelle
    $2,000 24
Ukraine

Jonathan
    $1600 19
Sherlock Holmes

Michelle
    $1600 28
Prometheus

Michelle
    $2000 15
python

Michelle
    $2000 5
complacent

Michelle
    $3,000 10
(Michelle: I have no idea. What is 1946?)

1969

Michelle
    $2000 23
Bavaria

Jonathan
    $2000 20
the Arab League

Jonathan
    $2000 27
(Amy: Who is Ultraviolet?)

Aeon Flux

AmyMichelle

Scores at the end of the Double Jeopardy! Round:

Amy Michelle Jonathan
$12,800 $12,400 $12,200

[wagering suggestions for these scores]

Final Jeopardy! Round responses

FOOD & DRINK
JonathanWhat is ... Heinz Ketchup
$12,000
MichelleWhat is Heinz Ketchup?
$12,300
AmyWhat is Reddi Whip?
$12,200
Heinz ketchup

Final scores:

Amy Michelle Jonathan
$600 $24,700 $24,200
3rd place: $1,000 New champion: $24,700 2nd place: $2,000

Game dynamics:

Coryat scores:

Amy Michelle Jonathan
$12,800 $16,400 $11,800
20 R,
1 W
18 R,
4 W
(including 2 DDs)
13 R
(including 1 DD),
1 W

Combined Coryat: $41,000

[game clues] [game scores] [suggest correction]

Game tape date: 2013-12-18
The J! Archive is created by fans, for fans. Scraping, republication, monetization, and malicious use prohibited; this site may use cookies and collect identifying information. See terms. The Jeopardy! game show and all elements thereof, including but not limited to copyright and trademark thereto, are the property of Jeopardy Productions, Inc. and are protected under law. This website is not affiliated with, sponsored by, or operated by Jeopardy Productions, Inc. Join the discussion at JBoard.tv.